ბათუმის შოთა რუსთაველის სახელმწიფო უნივერსიტეტის ბიბლიოთეკა

Мировая политика и международные отношения (ბიბ.ჩანაწერი № 35655)

000 -LEADER
fixed length control field 00684nam a2200229Ia 4500
001 - CONTROL NUMBER
control field 1528
003 - CONTROL NUMBER IDENTIFIER
control field GE_BSU
008 - FIXED-LENGTH DATA ELEMENTS--GENERAL INFORMATION
fixed length control field 181216s||||||||xx |||||||||||||| ||und||
020 ## - INTERNATIONAL STANDARD BOOK NUMBER
International Standard Book Number 9785756706185
040 ## - CATALOGING SOURCE
Transcribing agency GE_BSU
100 ## - MAIN ENTRY--PERSONAL NAME
Personal name Ачкасов,В.А. Ланцов,С.А.
245 ## - TITLE STATEMENT
Title Мировая политика и международные отношения
245 ## - TITLE STATEMENT
Remainder of title Уч-для вузов обучающихся "политология
260 ## - PUBLICATION, DISTRIBUTION, ETC.
Place of publication, distribution, etc. Москва
260 ## - PUBLICATION, DISTRIBUTION, ETC.
Name of publisher, distributor, etc. Аспект-Пресс
260 ## - PUBLICATION, DISTRIBUTION, ETC.
Date of publication, distribution, etc. 2011
300 ## - PHYSICAL DESCRIPTION
Extent 480стр.
653 ## - INDEX TERM--UNCONTROLLED
Uncontrolled term Мировая политика
653 ## - INDEX TERM--UNCONTROLLED
Uncontrolled term Политология
942 ## - ADDED ENTRY ELEMENTS (KOHA)
Koha item type წიგნი
ეგზემპლარები
Withdrawn status Lost status Damaged status Not for loan Date acquired Barcode Date last seen Price effective from Koha item type Public note
        2018-12-17 2428 2018-12-17 2018-12-17 წიგნი დარბაზი